01346cam a22003377a 4500003000500000005001700005008004100022010001000063011001000073035001000083040000900093090001000102100004400112245012300156260004000279300002200319502008700341590003700428590004100465590004100506590004100547590004200588650004200630710004000672790009300712901000700805942001000812949004200822999001700864952012700881CHAP20220817043232.0971013s1986 r 00010 d a69208 a70180 a79660 cCHAP aTesis00aGonzález Hernández, Rogelio.94904710aOperatividad de la Asegura Nacional Agrícola y Ganadera, S. A. en el área de influencia de la oficina Cuauhtémoc aChihuahua, Chih. :bEl autor,c1986 a48 h.b; gráfs. aTesis (Ing. Agrónomo Esp. en Zonas Aridas) -- UACH. Departamento de Zonas Aridas aALEPHb10c20130110lUCH01h1407 aBATCH-UPDb10c20130110lUCH01h0803 aBATCH-UPDb10c20130410lUCH01h0441 aBATCH-UPDb10c20130914lUCH01h1547 aCONVERSIONb10c20130109lUCH01h133814aSeguro agrícolaxChihuahua.91036960 aUACH. Departamento de Zonas Aridas. aOperatividad y seguro agrícola en el desarrollo agropecuario en el estado de Chihuahua aBK cTESIS bBCcTESd-32549eTS1h21728i79660si c69208d69208 00102local4051708TESISaBCbBCcPA_TESISd2019-12-31fTESISl0oTesisp-32549r2019-12-31 00:00:00w2019-12-31yTESIS